| 000 | 02840nam a22003857a 4500 | ||
|---|---|---|---|
| 999 |
_c57940 _d57940 |
||
| 003 | Ge_BSU | ||
| 005 | 20210402174009.0 | ||
| 008 | 210402s2020 ge ||||| |||| 00| 0 geo d | ||
| 020 | _a9789941258282 | ||
| 041 | _ageo | ||
| 080 | _a94(=353.1)(560) ტ-28 | ||
| 245 |
_aტაო / _cწიგნის ავტორები: მამია ფაღავა, მერი ცინცაძე, მაია ბარამიძე, მალხაზ ჩოხარაძე, თინა შიოშვილი, რამაზ ხალვაში, ნუგზარ მგელაძე, ზაზა შაშიკაძე, მერაბ ხალვაში, ჯიმშერ ჩხვიმიანი და ჯემალ კარალიძე; რედაქტრი მამია ფაღავა; რეზიუმეს თარგმანი თამარ სირაძე; ბსუ, ჰუმანიტარულ მეცნიერებათა ფაკულტეტი, ქართველოლოგიის ცენტრი. |
||
| 264 |
_aბათუმი : _bმერიდიანი, _c2020. |
||
| 300 |
_a1214 გვ.: _bილ. _c30 სმ. |
||
| 504 | _aბიბლიოგრ. თავების ბოლოს | ||
| 653 | _aტაოს ისტორია | ||
| 653 | _aეთნოლოგია | ||
| 653 | _aფოლკლორი | ||
| 653 | _aდიალექტოლოგია | ||
| 700 |
_aმამია ფაღავა, _eავტორი _911042 |
||
| 700 |
_aცინცაძე, მერი _eავტორი _91857 |
||
| 700 |
_aბარამიძე, მაია _eავტორი _93189 |
||
| 700 |
_aჩოხარაძე, მალხაზ _eავტორი _911043 |
||
| 700 |
_a შიოშვილი, თინა _eავტორი _911044 |
||
| 700 |
_aხალვაში, რამაზ _eავტორი _92151 |
||
| 700 |
_aმგელაძე, ნუგზარ _eავტორი _911045 |
||
| 700 |
_a შაშიკაძე, ზაზა _eავტორი _911046 |
||
| 700 |
_aხალვაში, მერაბ _eავტორი _911047 |
||
| 700 |
_aჩხვიმიანი, ჯიმშერ _eავტორი _911048 |
||
| 700 |
_aკარალიძე, ჯემალ _eავტორი _94089 |
||
| 700 |
_aფაღავა, მამია _eრედაქტორი _911049 |
||
| 700 |
_aსირაძე, თამარ _eრეზიუმეს მთარგმნელი _911051 |
||
| 710 |
_a ბსუ, ჰუმანიტარულ მეცნიერებათა ფაკულტეტი, ქართველოლოგიის ცენტრი. _911050 |
||
| 942 |
_2udc _cBK |
||